[Event "SVK-ch U12"]
[Site "Tatralandia"]
[Date "2024.04.12"]
[Round "9"]
[White "Janovicek, Lukas"]
[Black "Mazak, Ryan"]
[Result "1/2-1/2"]
[WhiteElo "1658"]
[BlackElo "1807"]
[PlyCount "99"]
[EventDate "2024.04.05"]
[EventType "swiss"]
[EventRounds "9"]
[EventCountry "SVK"]
[SourceTitle "CB16_2024"]
[SourceDate "2024.04.17"]
[SourceVersion "1"]
[SourceVersionDate "2024.04.17"]
[SourceQuality "1"]

1. e4 e5 2. Nf3 Nf6 3. Nxe5 d6 4. Nf3 Nxe4 5. d3 Nf6 6. Nc3 Nc6 7. Be2 Be7 8. 0-0 h6 9. Be3 Be6 10. a3 0-0 11. h3 Qd7 12. Qd2 d5 13. d4 Ne4 14. Nxe4 dxe4 15. Nh2 Bf6 16. Rad1 Rad8 17. c3 Na5 18. Ng4 Bxg4 19. Bxg4 Qd5 20. Qc2 Bg5 21. Bxg5 hxg5 22. Be2 b5 23. Rfe1 f5 24. f3 e3 25. Qd3 Nc4 26. Qc2 f4 27. Bxc4 Qxc4 28. Qg6 Qd5 29. Qa6 Ra8 30. Qa5 Qc6 31. Qb4 Rae8 32. Qb3+ Qc4 33. Qxc4+ bxc4 34. Re2 Kf7 35. Kh2 Ke6 36. g3 Kd5 37. gxf4 gxf4 38. Rg1 Rf7 39. Rg5+ Kd6 40. Rc5 Rb8 41. Rxc4 Rb3 42. h4 Rf8 43. Kh3 Rfb8 44. Rb4 R3xb4 45. axb4 Kd5 46. Kg4 Rf8 47. b3 Rf6 48. Kg5 c6 49. Kg4 a6 50. Kg5 1/2-1/2

[Event "SVK-ch U10"]
[Site "Dudince"]
[Date "2023.04.23"]
[Round "9"]
[White "Kluska, David"]
[Black "Mazak, Ryan"]
[Result "0-1"]
[WhiteElo "1156"]
[BlackElo "1533"]
[PlyCount "67"]
[EventDate "2023.04.16"]
[EventType "swiss"]
[EventRounds "9"]
[EventCountry "SVK"]
[SourceTitle "CBM 213 Extra"]
[Source "ChessBase"]
[SourceDate "2023.05.31"]
[SourceVersion "1"]
[SourceVersionDate "2023.05.31"]
[SourceQuality "1"]

1. e4 e5 2. Nf3 Nf6 3. Nxe5 d6 4. Nf3 Nxe4 5. d3 Nf6 6. Be2 Nc6 7. 0-0 Be7 8. Nc3 h6 9. Re1 Be6 10. Ne4 Qd7 11. Be3 g5 12. Nd4 Nd5 13. Nxc6 Qxc6 14. Bd4 Rg8 15. c4 Nf4 16. Bf3 Qd7 17. Bf6 0-0-0 18. Qb3 c6 19. Qa3 Kb8 20. Rad1 g4 21. Be2 Rg6 22. Bxe7 Qxe7 23. Bf1 Qc7 24. Qb4 f5 25. Nd2 c5 26. Qc3 Bd7 27. d4 Rdg8 28. g3 Nh3+ 29. Bxh3 gxh3 30. Nf3 f4 31. Nh4 Rg4 32. Nf3 fxg3 33. fxg3 h5 34. dxc5 0-1

[Event "SVK-ch U10"]
[Site "Dudince"]
[Date "2023.04.21"]
[Round "7"]
[White "Mazak, Ryan"]
[Black "Zilincan, Tomas"]
[Result "1/2-1/2"]
[WhiteElo "1533"]
[BlackElo "1389"]
[PlyCount "126"]
[EventDate "2023.04.16"]
[EventType "swiss"]
[EventRounds "9"]
[EventCountry "SVK"]
[SourceTitle "CBM 213 Extra"]
[Source "ChessBase"]
[SourceDate "2023.05.31"]
[SourceVersion "1"]
[SourceVersionDate "2023.05.31"]
[SourceQuality "1"]

1. c4 e5 2. Nc3 Nf6 3. e4 Bc5 4. Be2 0-0 5. Nf3 Re8 6. 0-0 Nc6 7. d3 d6 8. Bg5 Be6 9. Nd5 Bxd5 10. cxd5 Nd4 11. Nxd4 Bxd4 12. Qd2 h6 13. Be3 Bxe3 14. Qxe3 c6 15. dxc6 bxc6 16. Rac1 Qd7 17. f4 exf4 18. Qxf4 Re5 19. Rf3 Rg5 20. Rg3 Rxg3 21. Qxg3 Rb8 22. b3 Rb5 23. d4 Rg5 24. Qd3 Ra5 25. Qc2 c5 26. Qd2 Qd8 27. dxc5 Nxe4 28. Qe3 Rxc5 29. Rd1 Qb6 30. h3 Rc1 31. Qxb6 Rxd1+ 32. Bxd1 axb6 33. Bf3 Nc5 34. b4 Na6 35. Kf2 Kf8 36. Ke3 Ke7 37. Kd4 Ke6 38. a4 Nc7 39. a5 Kd7 40. Kc4 Ne6 41. Kb5 bxa5 42. bxa5 Kc7 43. a6 Nc5 44. g3 Nxa6 45. Kxa6 Kd7 46. Kb5 g5 47. Kc4 f5 48. Kd5 g4 49. hxg4 fxg4 50. Bxg4+ Ke7 51. Bh5 Kf6 52. g4 Ke7 53. Bg6 Kd7 54. Bf7 Ke7 55. Bg6 Kf6 56. Bh5 Ke7 57. Ke4 Ke6 58. Kf4 Kf6 59. Be8 Ke7 60. Bg6 Kf6 61. Bf5 Ke7 62. Ke4 Kf6 63. Kd5 Kg5 1/2-1/2

[Event "SVK-ch U10"]
[Site "Dudince"]
[Date "2023.04.18"]
[Round "4"]
[White "Mazak, Ryan"]
[Black "Janovicek, Lukas"]
[Result "1-0"]
[WhiteElo "1533"]
[BlackElo "1345"]
[PlyCount "55"]
[EventDate "2023.04.16"]
[EventType "swiss"]
[EventRounds "9"]
[EventCountry "SVK"]
[SourceTitle "CBM 213 Extra"]
[Source "ChessBase"]
[SourceDate "2023.05.31"]
[SourceVersion "1"]
[SourceVersionDate "2023.05.31"]
[SourceQuality "1"]

1. d4 Nf6 2. e3 e6 3. Bd3 d5 4. Nf3 c5 5. b3 Nc6 6. a3 a6 7. Bb2 Be7 8. Nbd2 Qc7 9. Ne5 Nxe5 10. dxe5 Nd7 11. f4 b5 12. Qg4 g6 13. c4 bxc4 14. bxc4 Bb7 15. 0-0 Qb6 16. Rab1 Qa7 17. cxd5 Bxd5 18. Be4 Bxe4 19. Nxe4 c4 20. Bd4 Qc7 21. Nd6+ Kf8 22. Qf3 Kg7 23. Rb7 Qd8 24. Qc6 Nb8 25. Qf3 Nd7 26. Qc6 Nb8 27. Qxc4 Rf8 28. Bb6 1-0

[Event "SVK-chT2D 2223"]
[Site "Slovakia"]
[Date "2022.11.26"]
[Round "5.8"]
[White "Mazak, Ryan"]
[Black "Mnich, Jozef"]
[Result "1/2-1/2"]
[WhiteElo "1632"]
[BlackElo "1979"]
[PlyCount "82"]
[EventDate "2022.10.08"]
[EventType "team-tourn"]
[EventRounds "11"]
[EventCountry "SVK"]
[SourceTitle "EXT 2024"]
[Source "ChessBase"]
[SourceDate "2023.10.10"]
[SourceVersion "1"]
[SourceVersionDate "2023.10.10"]
[SourceQuality "1"]
[WhiteTeam "Kosice Slavia UPJS III"]
[BlackTeam "Presov Tatran Dason"]
[WhiteTeamCountry "SVK"]
[BlackTeamCountry "SVK"]

1. e4 e6 2. b3 d5 3. Bb2 Nf6 4. e5 Nfd7 5. f4 c5 6. Nf3 Nc6 7. Be2 Be7 8. 0-0 0-0 9. d4 cxd4 10. Nxd4 Qb6 11. Kh1 Bc5 12. c3 a6 13. Rf3 Re8 14. Bd3 g6 15. Bc2 Ndb8 16. Rg3 Bxd4 17. cxd4 Nb4 18. h4 Nxc2 19. Qxc2 Nc6 20. h5 Ne7 21. hxg6 hxg6 22. Qd3 Bd7 23. Rh3 Nf5 24. g4 Ne7 25. Qg3 Kf8 26. Qh4 Ng8 27. Ba3+ Re7 28. Bxe7+ Nxe7 29. Qh6+ Ke8 30. Qh8+ Ng8 31. Qxg8+ Ke7 32. Qg7 Rf8 33. Qf6+ Ke8 34. Nc3 Qxd4 35. Rd1 Qb4 36. Qg5 d4 37. Rhd3 dxc3 38. Rxd7 Qe4+ 39. Kg1 Qe3+ 40. Kg2 Qe2+ 41. Kg3 Qe3+ 1/2-1/2

[Event "Kezmarok op"]
[Site "Kezmarok"]
[Date "2022.09.30"]
[Round "8"]
[White "Mazak, Ryan"]
[Black "Velychko, Sofiya"]
[Result "1-0"]
[WhiteElo "1590"]
[BlackElo "1371"]
[PlyCount "55"]
[EventDate "2022.09.24"]
[EventType "swiss"]
[EventRounds "9"]
[EventCountry "SVK"]
[SourceTitle "CBM 210 Extra"]
[Source "ChessBase"]
[SourceDate "2022.11.30"]
[SourceVersion "1"]
[SourceVersionDate "2022.11.30"]
[SourceQuality "1"]

1. e4 c5 2. Nf3 Nc6 3. d4 cxd4 4. c3 Nf6 5. e5 Nd5 6. Bc4 Nb6 7. Bb3 dxc3 8. Nxc3 e6 9. 0-0 Be7 10. Bc2 Nb4 11. Be4 0-0 12. a3 Nc6 13. Bf4 f6 14. exf6 Bxf6 15. Bd6 Be7 16. Nb5 Bxd6 17. Nxd6 Rb8 18. h4 Ne7 19. Bxh7+ Kxh7 20. Ng5+ Kg6 21. Qg4 Kf6 22. Nge4+ Ke5 23. Qxg7+ Kd5 24. Qc3 Nc4 25. Rfd1+ Kc6 26. Qxc4+ Kb6 27. Qc5+ Ka6 28. Qb5# 1-0

[Event "Liptovsky Jan op"]
[Site "Liptovsky Jan"]
[Date "2022.06.26"]
[Round "6"]
[White "Mazak, Ryan"]
[Black "Zelenka, Matej"]
[Result "1-0"]
[WhiteElo "1585"]
[BlackElo "1400"]
[PlyCount "117"]
[EventDate "2022.06.23"]
[EventType "swiss"]
[EventRounds "7"]
[EventCountry "SVK"]
[SourceTitle "CBM 209 Extra"]
[Source "ChessBase"]
[SourceDate "2022.09.30"]
[SourceVersion "1"]
[SourceVersionDate "2022.09.30"]
[SourceQuality "1"]

1. Nf3 d6 2. g3 c5 3. Bg2 e6 4. b3 Nf6 5. Bb2 Be7 6. d3 0-0 7. Nbd2 Nc6 8. e4 Qc7 9. 0-0 Bd7 10. Ne1 b5 11. f4 e5 12. Nef3 Nd4 13. Nxd4 cxd4 14. Rc1 b4 15. Nc4 a5 16. h3 g6 17. Qd2 Kg7 18. Rf2 Ng8 19. a3 Rab8 20. Rcf1 f5 21. Qe2 Kh8 22. exf5 bxa3 23. Bxa3 exf4 24. Rxf4 Rxf5 25. Rxf5 Bxf5 26. Qf2 Qa7 27. Nxd6 Bg5 28. Nxf5 gxf5 29. Qxf5 Be3+ 30. Kh2 Bh6 31. Bc5 Qg7 32. Be4 Rd8 33. Bb6 Rd6 34. Qc5 Rd7 35. Bf5 Rf7 36. Qxd4 Nf6 37. Bd8 Bd2 38. Bxf6 Qxf6 39. Qxf6+ Rxf6 40. Kg2 Kg7 41. g4 Rc6 42. c4 Rb6 43. Rb1 a4 44. c5 Rb5 45. d4 a3 46. c6 Bf4 47. b4 Bd6 48. Be6 Kf6 49. Bc4 Rb6 50. b5 Ke7 51. Rf1 Ke8 52. Rf6 Ke7 53. Rf7+ Ke8 54. Rxh7 Be7 55. c7 Kd7 56. Rxe7+ Kc8 57. Be6+ Rxe6 58. Rxe6 a2 59. Ra6 1-0

[Event "Liptovsky Jan op"]
[Site "Liptovsky Jan"]
[Date "2022.06.25"]
[Round "5"]
[White "Ambrozi, Peter"]
[Black "Mazak, Ryan"]
[Result "1-0"]
[WhiteElo "2019"]
[BlackElo "1585"]
[PlyCount "69"]
[EventDate "2022.06.23"]
[EventType "swiss"]
[EventRounds "7"]
[EventCountry "SVK"]
[SourceTitle "CBM 209 Extra"]
[Source "ChessBase"]
[SourceDate "2022.09.30"]
[SourceVersion "1"]
[SourceVersionDate "2022.09.30"]
[SourceQuality "1"]

1. d4 f5 2. g3 Nf6 3. Bg2 e6 4. Nh3 d5 5. 0-0 c6 6. b3 Bd6 7. Bf4 0-0 8. c4 h6 9. Nd2 Ne4 10. Rc1 Kh7 11. f3 Nxd2 12. Qxd2 Bxf4 13. Nxf4 g5 14. Nh3 Nd7 15. f4 g4 16. Nf2 Nf6 17. cxd5 exd5 18. Nd3 Ne4 19. Bxe4 dxe4 20. Ne5 Be6 21. e3 Qe7 22. Rc5 Rad8 23. Rfc1 Rd5 24. b4 Rfd8 25. Qb2 h5 26. b5 Bd7 27. Rxd5 cxd5 28. Rc7 Qe8 29. Rxb7 Kg8 30. b6 axb6 31. Qxb6 Bc8 32. Rc7 Qe6 33. Rc6 Qe7 34. Rg6+ Kf8 35. Nc6 1-0

[Event "Liptovsky Jan op"]
[Site "Liptovsky Jan"]
[Date "2022.06.25"]
[Round "4"]
[White "Mazak, Ryan"]
[Black "Magda, Juraj"]
[Result "1-0"]
[WhiteElo "1585"]
[BlackElo "1314"]
[PlyCount "51"]
[EventDate "2022.06.23"]
[EventType "swiss"]
[EventRounds "7"]
[EventCountry "SVK"]
[SourceTitle "CBM 209 Extra"]
[Source "ChessBase"]
[SourceDate "2022.09.30"]
[SourceVersion "1"]
[SourceVersionDate "2022.09.30"]
[SourceQuality "1"]

1. e4 e5 2. Bc4 Nf6 3. d4 exd4 4. Nf3 Nc6 5. e5 Qe7 6. 0-0 Ng8 7. Nxd4 Nxe5 8. Re1 d6 9. f4 Bg4 10. Be2 Bxe2 11. Rxe2 0-0-0 12. Qe1 f6 13. Nc3 g5 14. fxe5 dxe5 15. Nb3 Qg7 16. Be3 Bb4 17. a3 Bxc3 18. Qxc3 a6 19. Rd2 Ne7 20. Rad1 Nc6 21. Rxd8+ Nxd8 22. Nc5 Nc6 23. Qd3 Rd8 24. Qxd8+ Nxd8 25. Rxd8+ Kxd8 26. Ne6+ 1-0

[Event "SVK-ch U10"]
[Site "Stara Lubovna"]
[Date "2022.05.28"]
[Round "9"]
[White "Dlugos, Matej"]
[Black "Mazak, Ryan"]
[Result "0-1"]
[WhiteElo "1000"]
[BlackElo "1575"]
[PlyCount "124"]
[EventDate "2022.05.21"]
[EventType "swiss"]
[EventRounds "9"]
[EventCountry "SVK"]
[SourceTitle "CBM 208 Extra"]
[Source "ChessBase"]
[SourceDate "2022.07.31"]
[SourceVersion "1"]
[SourceVersionDate "2022.07.31"]
[SourceQuality "1"]

1. d4 Nf6 2. c4 e5 3. dxe5 Ng4 4. Nf3 Nc6 5. Bf4 Bb4+ 6. Nbd2 Qe7 7. Qb3 Bxd2+ 8. Bxd2 Ngxe5 9. Nxe5 Nxe5 10. e4 Nc6 11. Be2 Nd4 12. Qd3 Nxe2 13. Qxe2 b6 14. 0-0 Bb7 15. Rfe1 h5 16. Bc3 0-0-0 17. b4 f6 18. f3 g5 19. a4 Rdg8 20. e5 g4 21. f4 g3 22. h3 fxe5 23. Qxe5 Qxe5 24. Rxe5 Re8 25. Rae1 Rxe5 26. Rxe5 h4 27. f5 d6 28. Re7 Rf8 29. f6 Kd8 30. Rh7 Re8 31. Rxh4 Re3 32. Bd2 Re2 33. Rd4 Rxg2+ 34. Kf1 Rh2 35. Rg4 Rxd2 36. Rxg3 Rd4 37. Rg4 Rxg4 38. hxg4 Ke8 39. Kf2 Bc8 40. g5 Kf7 41. Kg3 Be6 42. Kh4 Kg6 43. Kg3 Bxc4 44. Kf4 Bb3 45. Ke4 Kxg5 46. Kd4 Kxf6 47. a5 bxa5 48. bxa5 c6 49. Kc3 Bd5 50. Kd4 Be6 51. Kd3 Ke5 52. Ke3 c5 53. Kd2 Kd4 54. Kc1 c4 55. Kd2 c3+ 56. Kc2 Bf5+ 57. Kc1 Kd3 58. Kd1 Bg4+ 59. Kc1 c2 60. a6 Be6 61. Kb2 Kd2 62. Ka1 c1Q# 0-1

[Event "SVK-ch U10"]
[Site "Stara Lubovna"]
[Date "2022.05.26"]
[Round "7"]
[White "Mazak, Ryan"]
[Black "Sotnik, Simon"]
[Result "1-0"]
[WhiteElo "1575"]
[BlackElo "1038"]
[PlyCount "73"]
[EventDate "2022.05.21"]
[EventType "swiss"]
[EventRounds "9"]
[EventCountry "SVK"]
[SourceTitle "CBM 208 Extra"]
[Source "ChessBase"]
[SourceDate "2022.07.31"]
[SourceVersion "1"]
[SourceVersionDate "2022.07.31"]
[SourceQuality "1"]

1. e4 c5 2. d4 cxd4 3. c3 g6 4. cxd4 Bg7 5. Nf3 d6 6. Nc3 Bg4 7. Be2 Bxf3 8. Bxf3 Nd7 9. 0-0 Rb8 10. Be3 b6 11. Rc1 Ngf6 12. Qb3 0-0 13. Rfd1 e5 14. Nb5 a6 15. Nxd6 exd4 16. Bxd4 Bh6 17. Be3 Bxe3 18. Qxe3 Ne5 19. Nf5 Nxf3+ 20. Qxf3 Qe8 21. Nd6 Qe6 22. h4 Rbd8 23. Qf4 Rd7 24. e5 Nh5 25. Qe3 b5 26. b3 f6 27. f4 fxe5 28. Qxe5 Qxe5 29. fxe5 Nf4 30. Rd2 a5 31. Re1 Ne6 32. Red1 Rf4 33. Nxb5 Rxd2 34. Rxd2 Rxh4 35. Rd6 Kf7 36. Ra6 Re4 37. Nd6+ 1-0

[Event "SVK-ch U10"]
[Site "Stara Lubovna"]
[Date "2022.05.21"]
[Round "1"]
[White "Mazak, Ryan"]
[Black "Janovicek, Lukas"]
[Result "1-0"]
[WhiteElo "1575"]
[BlackElo "1015"]
[PlyCount "47"]
[EventDate "2022.05.21"]
[EventType "swiss"]
[EventRounds "9"]
[EventCountry "SVK"]
[SourceTitle "CBM 208 Extra"]
[Source "ChessBase"]
[SourceDate "2022.07.31"]
[SourceVersion "1"]
[SourceVersionDate "2022.07.31"]
[SourceQuality "1"]

1. e4 e5 2. f4 f6 3. fxe5 fxe5 4. Qh5+ g6 5. Qxe5+ Qe7 6. Qxh8 Nf6 7. d3 d5 8. Bg5 Nbd7 9. Nc3 c6 10. 0-0-0 Qe5 11. Nf3 Qe6 12. exd5 Nxd5 13. Re1 Qxe1+ 14. Nxe1 Nxc3 15. Qxc3 a5 16. Nf3 Bb4 17. Qh8+ Bf8 18. Bh6 Ke7 19. Qxh7+ Ke8 20. Qxg6+ Kd8 21. Bxf8 Nxf8 22. Qf6+ Ke8 23. Ne5 Be6 24. Be2 1-0

[Event "EU-ch Hybrid U08"]
[Site "Tornelo INT"]
[Date "2021.10.15"]
[Round "9"]
[White "Mazak, Ryan"]
[Black "Lampos, Charalampos"]
[Result "1/2-1/2"]
[WhiteElo "1595"]
[BlackElo "1165"]
[PlyCount "112"]
[EventDate "2021.10.15"]
[EventType "swiss"]
[EventRounds "9"]
[EventCountry "NET"]
[SourceTitle "EXT 2023"]
[Source "ChessBase"]
[SourceDate "2022.10.05"]
[SourceVersion "1"]
[SourceVersionDate "2022.10.05"]
[SourceQuality "1"]
[WhiteTeam "Slovakia"]
[BlackTeam "Greece"]
[WhiteTeamCountry "SVK"]
[BlackTeamCountry "GRE"]

1. c4 e5 2. Nc3 Nf6 3. g3 d5 4. cxd5 Nxd5 5. Bg2 Be6 6. d3 Nc6 7. e4 Nf6 8. h3 Bc5 9. a3 0-0 10. Nge2 a6 11. 0-0 Qd7 12. Kh2 Rad8 13. Bg5 Be7 14. Nc1 Ng4+ 15. hxg4 Bxg5 16. Bh3 Bxc1 17. Rxc1 Qxd3 18. Nd5 Qxe4 19. Bg2 Qxg4 20. Qxg4 Bxg4 21. Nxc7 Rd2 22. Bxc6 bxc6 23. Rxc6 Rxb2 24. Nxa6 Be2 25. Re1 Bxa6 26. Rxa6 Rxf2+ 27. Kg1 Rf3 28. Kg2 Rf5 29. a4 Rf6 30. Ra5 Re6 31. Rexe5 Rxe5 32. Rxe5 g6 33. Re2 Ra8 34. Ra2 h5 35. Kf3 Kf8 36. Ke4 Ke7 37. Kd5 Kd7 38. Ra3 Ra6 39. a5 f5 40. Ke5 Ke7 41. Ra4 Ke8 42. Kd5 Kd7 43. Kc5 Kc7 44. Kb5 Kb7 45. Rd4 Rc6 46. Rd7+ Rc7 47. Rd6 Rg7 48. a6+ Ka7 49. Rf6 Re7 50. Rxg6 Re5+ 51. Kc4 Re4+ 52. Kd5 h4 53. gxh4 Rxh4 54. Ke5 Ra4 55. Kxf5 Rxa6 56. Rxa6+ Kxa6 1/2-1/2

[Event "EU-ch Hybrid U08"]
[Site "Tornelo INT"]
[Date "2021.10.15"]
[Round "4"]
[White "Nezhyvenko, Mykhaylo"]
[Black "Mazak, Ryan"]
[Result "1-0"]
[WhiteElo "1282"]
[BlackElo "1595"]
[PlyCount "41"]
[EventDate "2021.10.15"]
[EventType "swiss"]
[EventRounds "9"]
[EventCountry "NET"]
[SourceTitle "EXT 2023"]
[Source "ChessBase"]
[SourceDate "2022.10.05"]
[SourceVersion "1"]
[SourceVersionDate "2022.10.05"]
[SourceQuality "1"]
[WhiteTeam "Ukraine"]
[BlackTeam "Slovakia"]
[WhiteTeamCountry "UKR"]
[BlackTeamCountry "SVK"]

1. e4 d5 2. exd5 Nf6 3. d4 Bg4 4. Be2 Bxe2 5. Nxe2 Qxd5 6. 0-0 Nc6 7. c3 0-0-0 8. Qa4 e6 9. c4 Qf5 10. Nbc3 Kb8 11. Bf4 Bd6 12. Bxd6 Rxd6 13. c5 Rd7 14. b4 Rhd8 15. Rad1 Ne4 16. d5 Nxc3 17. Nxc3 Qf6 18. dxc6 Rxd1 19. Rxd1 Rxd1+ 20. Nxd1 b6 21. Qa6 1-0

[Event "EU-ch Hybrid U08"]
[Site "Tornelo INT"]
[Date "2021.10.15"]
[Round "7"]
[White "Novodvorskiy, Dmitriy Al"]
[Black "Mazak, Ryan"]
[Result "1-0"]
[WhiteElo "1119"]
[BlackElo "1595"]
[PlyCount "77"]
[EventDate "2021.10.15"]
[EventType "swiss"]
[EventRounds "9"]
[EventCountry "NET"]
[SourceTitle "EXT 2023"]
[Source "ChessBase"]
[SourceDate "2022.10.05"]
[SourceVersion "1"]
[SourceVersionDate "2022.10.05"]
[SourceQuality "1"]
[WhiteTeam "Russia"]
[BlackTeam "Slovakia"]
[WhiteTeamCountry "RUS"]
[BlackTeamCountry "SVK"]

1. e4 e5 2. Nf3 Nf6 3. Nxe5 Nc6 4. Nxc6 dxc6 5. d3 Bc5 6. Be2 h5 7. Nc3 Ng4 8. Bxg4 hxg4 9. Bf4 Qf6 10. Qd2 Bb6 11. 0-0-0 Be6 12. Kb1 Ba5 13. e5 Qe7 14. d4 0-0-0 15. Qe3 Qb4 16. Ne2 Rd5 17. c3 Qa4 18. Nc1 Rb5 19. Rd2 Qa3 20. Ka1 Qe7 21. Re1 Bd5 22. Qg3 Qe6 23. a3 Bc4 24. f3 g6 25. fxg4 Rd8 26. Bg5 Re8 27. Rf2 a6 28. Rf6 Qd7 29. h4 Be6 30. Qf2 Qd5 31. Qf3 Qc4 32. Qd3 Qd5 33. h5 Bxg4 34. hxg6 Qxg2 35. b4 Bb6 36. gxf7 Rf8 37. Bh6 Rd8 38. f8Q Rxf8 39. Rxf8+ 1-0

[Event "SVK-ch Amateurs"]
[Site "Topolcany"]
[Date "2021.08.09"]
[Round "7"]
[White "Moravcik, Rastislav"]
[Black "Mazak, Ryan"]
[Result "1-0"]
[WhiteElo "1902"]
[BlackElo "1479"]
[PlyCount "63"]
[EventDate "2021.08.06"]
[EventType "swiss"]
[EventRounds "7"]
[EventCountry "SVK"]
[SourceTitle "EXT 2022"]
[Source "ChessBase"]
[SourceDate "2021.10.06"]
[SourceVersion "1"]
[SourceVersionDate "2021.10.06"]
[SourceQuality "1"]

1. d4 f5 2. e4 fxe4 3. Nc3 Nf6 4. Bg5 d5 5. Bxf6 exf6 6. Qh5+ g6 7. Qxd5 Qxd5 8. Nxd5 Kd8 9. Nxf6 Bf5 10. Nd5 Bg7 11. 0-0-0 Nc6 12. Ne3 Bd7 13. c3 Rf8 14. f3 exf3 15. Nxf3 Bh6 16. Re1 Re8 17. Kd2 a5 18. Bb5 a4 19. Kd3 Nb4+ 20. cxb4 Bxb5+ 21. Nc4 Rxe1 22. Rxe1 Ra6 23. Re5 Bd7 24. Ne3 Rc6 25. Rc5 Rb6 26. Ne5 Rxb4 27. Nf7+ Ke7 28. Nxh6 Rxb2 29. Rc2 Bb5+ 30. Kc3 Rb1 31. Rb2 Bd3 32. Rxb1 1-0

[Event "SVK-ch U08"]
[Site "Stara Lubovna"]
[Date "2021.06.30"]
[Round "6"]
[White "Slivka, Jakub"]
[Black "Mazak, Ryan"]
[Result "0-1"]
[WhiteElo "1000"]
[BlackElo "1378"]
[PlyCount "34"]
[EventDate "2021.06.26"]
[EventType "swiss"]
[EventRounds "9"]
[EventCountry "SVK"]
[SourceTitle "CBM 203 Extra"]
[Source "ChessBase"]
[SourceDate "2021.09.30"]
[SourceVersion "1"]
[SourceVersionDate "2021.09.30"]
[SourceQuality "1"]

1. e4 e5 2. Nf3 Nc6 3. Nc3 Nf6 4. Bc4 Nxe4 5. 0-0 Nxc3 6. dxc3 Be7 7. Ng5 Bxg5 8. Bxg5 Qxg5 9. Qf3 Qf6 10. Qxf6 gxf6 11. Rae1 d6 12. Bxf7+ Kxf7 13. h3 Rg8 14. Kh1 Be6 15. Re3 f5 16. Rg1 f4 17. Rf3 Bd5 0-1

[Event "Liptovsky Jan Slovak op U2200"]
[Site "Liptovsky Jan"]
[Date "2021.06.20"]
[Round "7"]
[White "Furman, Slavomir"]
[Black "Mazak, Ryan"]
[Result "1-0"]
[WhiteElo "1744"]
[BlackElo "1378"]
[PlyCount "111"]
[EventDate "2021.06.17"]
[EventType "swiss"]
[EventRounds "7"]
[EventCountry "SVK"]
[SourceTitle "CBM 203 Extra"]
[Source "ChessBase"]
[SourceDate "2021.09.30"]
[SourceVersion "1"]
[SourceVersionDate "2021.09.30"]
[SourceQuality "1"]

1. d4 f5 2. Nf3 Nf6 3. g3 e6 4. Bg2 d5 5. 0-0 c6 6. Ne5 Bd6 7. Nd3 0-0 8. b3 Bd7 9. Ba3 Bxa3 10. Nxa3 Be8 11. Nb1 Bh5 12. Nd2 Ne4 13. Nf3 Nd7 14. c4 g5 15. Qc2 Kh8 16. Nfe5 Nxe5 17. Nxe5 Nd6 18. f3 Nf7 19. Nd3 Rg8 20. Nc5 Qe7 21. e4 b6 22. Nd3 g4 23. exd5 exd5 24. fxg4 dxc4 25. gxh5 cxd3 26. Qxd3 Nd6 27. d5 c5 28. Rae1 Qg5 29. Re6 Rad8 30. h6 Rg6 31. Rxg6 Qxg6 32. Re1 Qxh6 33. Qc3+ Kg8 34. Re6 Qg5 35. h4 Qg4 36. Qe5 Nf7 37. Re8+ Rxe8 38. Qxe8+ Kg7 39. Qb8 h6 40. Kh2 h5 41. Qc7 Kg8 42. Qxa7 Qe2 43. Qxb6 Ne5 44. Qe6+ Kg7 45. Qe7+ Kg8 46. Qg5+ Kh8 47. Kh3 Nd3 48. Qh6+ Kg8 49. Qe6+ Qxe6 50. dxe6 Kf8 51. Bd5 f4 52. Bc4 Nc1 53. a4 f3 54. a5 Ne2 55. a6 Ng1+ 56. Kh2 1-0

[Event "Online Friendship U12"]
[Site "Tornelo INT"]
[Date "2020.11.21"]
[Round "6.5"]
[White "Kaliakhmet, Elsultan"]
[Black "Mazak, Ryan"]
[Result "1-0"]
[WhiteElo "1224"]
[BlackElo "1218"]
[PlyCount "57"]
[EventDate "2020.11.21"]
[EventType "team-swiss"]
[EventRounds "7"]
[EventCountry "BLR"]
[SourceTitle "CBM 199 Extra"]
[Source "ChessBase"]
[SourceDate "2021.01.31"]
[SourceVersion "1"]
[SourceVersionDate "2021.01.31"]
[SourceQuality "1"]
[WhiteTeam "Kazakhstan"]
[BlackTeam "Slovakia"]
[WhiteTeamCountry "KAZ"]
[BlackTeamCountry "SVK"]

1. e4 e5 2. Nf3 Nc6 3. Bc4 Nf6 4. Ng5 d5 5. exd5 Na5 6. Bb5+ c6 7. dxc6 bxc6 8. Bd3 h6 9. Ne4 Nxe4 10. Bxe4 Be7 11. Nc3 Bd7 12. 0-0 0-0 13. d3 Nb7 14. Qf3 Rc8 15. Bf5 Bxf5 16. Qxf5 Bf6 17. Ne4 Be7 18. Qxe5 Nd6 19. Qg3 Nxe4 20. dxe4 Kh7 21. Bf4 Qd7 22. Rad1 Qe6 23. a3 Rcd8 24. Qe3 Qg4 25. f3 Qh5 26. Kh1 Bc5 27. Qc3 Qg6 28. Qxc5 Ra8 29. Rd6 1-0

[Event "SVK-ch U08"]
[Site "Lubovna"]
[Date "2020.08.20"]
[Round "7"]
[White "Mazak, Ryan"]
[Black "Kluska, David"]
[Result "1-0"]
[WhiteElo "1217"]
[BlackElo "1114"]
[PlyCount "51"]
[EventDate "2020.08.15"]
[EventType "tourn"]
[EventRounds "9"]
[EventCountry "SVK"]
[SourceTitle "EXT 2021"]
[Source "ChessBase"]
[SourceDate "2020.10.23"]
[SourceVersion "1"]
[SourceVersionDate "2020.10.23"]
[SourceQuality "1"]

1. b4 e5 2. Bb2 Nc6 3. b5 Na5 4. Bxe5 Nc4 5. Bc3 Bc5 6. Bxg7 Qg5 7. Bxh8 Qf4 8. Nf3 Nh6 9. e3 Qg4 10. h3 Qg8 11. Bxc4 Qxh8 12. Nc3 Bb4 13. Nd5 Rb8 14. Nxb4 Qg8 15. 0-0 a5 16. Nd5 c6 17. Nb6 d5 18. Nxc8 Rxc8 19. Bb3 a4 20. Bxa4 cxb5 21. Bxb5+ Kf8 22. Ne5 Rd8 23. Nd7+ Ke7 24. Qf3 d4 25. Qf6+ Ke8 26. Qe5# 1-0